000 00487nam a2200145Ia 4500
008 100204s9999 xx 000 0 und d
082 _b9799
100 _aरायकर प्रतिभा
245 _aप्रीत गोजिरी
260 _b"बांदोडकर पब्लिशिंग हाऊस, गोवा"
_c1987
300 _a195
630 _aप्रीत गोजिरी
730 _aप्रीत गोजिरी
942 _cBOOK
999 _c454235
_d454232